| 000 | 00816nam a22002051a 4500 | ||
|---|---|---|---|
| 003 | OSt | ||
| 005 | 20150408114030.0 | ||
| 008 | 120508s2011 jo ||||g b 00| 0 ara d | ||
| 040 | _aعمادة شؤون المكتبة في جامعة المجمعة | ||
| 082 | 0 | 4 |
_221 _a257.1 _b257.1 ل أ ع |
| 100 | 1 |
_aالأفندي، عبد الوهاب _912719 |
|
| 245 | 1 | 0 |
_aلمن تقوم الدولة الإسلامية ؟ / _cعبد الوهاب الأفندي. |
| 250 | _aط. 1. | ||
| 260 |
_aعمان، الأردن : _bالأهلية للنشر والتوزيع، _c2011 |
||
| 300 |
_a292 ص. ؛ _c24 سم. |
||
| 504 | _aببليوجرافية : ص. 289-292. | ||
| 650 | 7 |
_2aucsh _aنظام الحكم في الإسلام _99054 |
|
| 650 | 7 |
_2aucsh _aالإسلام _xجوانب سياسية _96194 |
|
| 942 |
_2ddc _cBOOK |
||
| 999 |
_c22765 _d257265 |
||